000 00716nam a2200205 i 4500
001 180703
003 ES-MaACL
005 20230906221152.0
007 t|
008 120627q1880 sp |||| | spa
100 1 _aConcas y Palau, Víctor.
_940067
245 1 0 _aEstudios referentes a servicios de marina en Filipinas
_b: Joló /
_cVictor María Concas y Palau.
260 _a[Madrid. :
_bs.n.,
_c1880?]
300 _aP. [615]-639 ;
_c24 cm.
594 _aDatos tomados de principio del texto, sin portada.
595 _aSeparata de: Revista general de la Marina, t. 11.
650 _aMarina de guerra-
_zFilipinas.
_9150782
651 4 _aJoló (Filipinas)-
_xHistoria.
_9171560
852 _aES-MaACL
_jT-511-F-4
999 _c180703
_d180703